[Event "Irish Women's Championship 2024"]
[Site "Dublin IRL"]
[Date "2024.08.16"]
[Round "1.1"]
[White "Li, Stella"]
[Black "Mats, Diana"]
[Result "1-0"]
[WhiteElo "1665"]
[BlackElo "2079"]
[WhiteICU "1576"]
[BlackICU "2119"]
[WhiteClub "Master"]
[BlackClub "Dun Laoghaire"]
[WhiteNationality "IRL"]
[BlackNationality "IRL"]
[WhiteFideId "2520222"]
[BlackFideId "14138611"]
[PlyCount "75"]
[Venue "Talbot Hotel Stillorgan"]
[EventDate "2024.08.16"]
[HashCode "4c9b6ed7"]

{ Event information: <a
href="https://www.irlchess.com/irlchw2024_allfiles/pairings_irlchw2024.html">Tournament
report</a>. }

1. e4 e6 2. d4 d5 3. exd5 exd5 4. Bd3 h6 5. Ne2 Nf6 6. O-O Bd6 7. Bf4 Nc6
8. c3 Bg4 9. f3 Bh5 10. Re1 Ne7 11. Qb3 Rb8 12. Qa4+ Qd7 13. Qxa7 O-O 14.
Bxd6 cxd6 15. Qa3 Bg6 16. Bxg6 fxg6 17. Nd2 g5 18. Qb3 Nf5 19. Nf1 Nh4 20.
Ne3 Qf7 21. Ng3 h5 22. Ngf5 Nxf5 23. Nxf5 Qd7 24. Ne7+ Kh8 25. Ng6+ Kg8 26.
Nxf8 Rxf8 27. Re2 h4 28. Rae1 h3 29. Re7 Qf5 30. Qxb7 Nh5 31. Qd7 Qc2 32.
Qe6+ Kh7 33. Qe2 Qa4 34. Qd3+ Kh6 35. R1e6+ Nf6 36. f4 gxf4 37. Qxh3+ Kg6
38. Qg4+ 1-0

[Event "Irish Women's Championship 2024"]
[Site "Dublin IRL"]
[Date "2024.08.16"]
[Round "1.2"]
[White "Doolin, Bedhbh"]
[Black "Gora, Antonina"]
[Result "0-1"]
[WhiteElo "1594"]
[BlackElo "1937"]
[WhiteICU "1677"]
[BlackICU "1947"]
[WhiteClub "Moate Juniors"]
[BlackClub "Knights of Eanna /  Rathmines"]
[WhiteNationality "IRL"]
[BlackNationality "IRL"]
[WhiteFideId "2517221"]
[BlackFideId "1148290"]
[PlyCount "82"]
[Venue "Talbot Hotel Stillorgan"]
[EventDate "2024.08.16"]
[BlackFullName "G&oacute;ra, Antonina"]
[HashCode "5a96db9b"]

{ Event information: <a
href="https://www.irlchess.com/irlchw2024_allfiles/pairings_irlchw2024.html">Tournament
report</a>. }

1. e4 c5 2. d4 cxd4 3. c3 dxc3 4. Nxc3 Nc6 5. Nf3 e6 6. Bc4 Bb4 7. O-O Bxc3
8. bxc3 Nge7 9. Qd6 O-O 10. Ba3 Re8 11. Rad1 a6 12. Bc1 Ng6 13. Rfe1 b5 14.
Bd3 Qe7 15. Qg3 Qc5 16. e5 Nce7 17. h4 Nf5 18. Bxf5 exf5 19. h5 f4 20. Bxf4
Nxf4 21. Qxf4 h6 22. Nh4 d5 23. exd6 Bd7 24. Qf3 Rad8 25. Rxe8+ Rxe8 26.
Qb7 Qxh5 27. Rd4 Re1+ 28. Kh2 Qe5+ 29. g3 Qe6 30. Qg2 g5 31. Nf3 Rc1 32.
Ng1 Rxc3 33. Qa8+ Kg7 34. Qxa6 Rc2 35. Qb7 Rxf2+ 36. Kh1 Qxa2 37. Rh4 gxh4
38. Nf3 Qb1+ 39. Ng1 Qc2 40. Nf3 Qc1+ 41. Ng1 Bc6+ 0-1

[Event "Irish Women's Championship 2024"]
[Site "Dublin IRL"]
[Date "2024.08.16"]
[Round "1.3"]
[White "Mirza, Diana"]
[Black "Yu, Ai Tong"]
[Result "1-0"]
[WhiteTitle "WFM"]
[WhiteElo "1981"]
[BlackElo "1620"]
[WhiteICU "1952"]
[BlackICU "1577"]
[WhiteClub "U.C.D."]
[BlackClub "Master"]
[WhiteNationality "IRL"]
[BlackNationality "IRL"]
[WhiteFideId "2503999"]
[BlackFideId "2520230"]
[PlyCount "62"]
[Venue "Talbot Hotel Stillorgan"]
[EventDate "2024.08.16"]
[HashCode "3415c556"]

{ Event information: <a
href="https://www.irlchess.com/irlchw2024_allfiles/pairings_irlchw2024.html">Tournament
report</a>. }

1. b4 Nf6 2. Bb2 e6 3. b5 b6 4. Nf3 Bb7 5. e3 Be7 6. Be2 d6 7. O-O Nbd7 8.
c4 e5 9. d4 exd4 10. Nxd4 O-O 11. Bf3 Bxf3 12. Nxf3 Re8 13. Nbd2 Nc5 14.
Qc2 h6 15. Nd4 Qd7 16. Nf5 Rad8 17. Rad1 d5 18. e4 dxe4 19. Nxe4 Qe6 20.
Nxe7+ Qxe7 21. Nxf6+ gxf6 22. Rxd8 Rxd8 23. Qf5 Kg7 24. Qg4+ Kh7 25. Bc3
Rd6 26. h3 Qe6 27. Qh4 Qe4 28. g4 Qxc4 29. Bxf6 Kg6 30. Be5 Re6 31. Qh5+
Kh7 1-0

[Event "Irish Women's Championship 2024"]
[Site "Dublin IRL"]
[Date "2024.08.16"]
[Round "1.5"]
[White "Putar, Lorena"]
[Black "Batbaatar, Manduhkai"]
[Result "1-0"]
[WhiteElo "1444"]
[BlackElo "1687"]
[BlackICU "1713"]
[WhiteNationality "IRL"]
[BlackNationality "IRL"]
[WhiteFideId "2521520"]
[BlackFideId "2523353"]
[PlyCount "83"]
[Venue "Talbot Hotel Stillorgan"]
[EventDate "2024.08.16"]
[HashCode "5ba12235"]

{ Event information: <a
href="https://www.irlchess.com/irlchw2024_allfiles/pairings_irlchw2024.html">Tournament
report</a>. }

1. e4 e5 2. Nf3 Nc6 3. Bc4 Bc5 4. O-O Nf6 5. d3 h6 6. Nc3 a6 7. a3 O-O 8.
h3 d6 9. Be3 Nd4 10. Bd2 Nh7 11. b4 Ba7 12. Nxd4 Bxd4 13. Qe1 Ng5 14. Kh2
Bxc3 15. Bxc3 Kh8 16. f4 exf4 17. Rxf4 Be6 18. Qg3 Bxc4 19. dxc4 Ne6 20.
Raf1 Qe7 21. Rf6 Kh7 22. R6f4 f6 23. Rg4 g5 24. Qe3 h5 25. Rg3 Nf4 26. h4
c5 27. hxg5 fxg5 28. e5 Kh6 29. exd6 Qxd6 30. Be5 Qe6 31. Rxf4 Qg6 32. Rxf8
Rxf8 33. Qxc5 Rf5 34. Qc7 Rf7 35. Qb8 g4 36. b5 h4 37. Rd3 Rf1 38. Qh8+ Kg5
39. Rd5 Qf5 40. Bf6+ Kg6 41. Qg7+ Kh5 42. Qh7# 1-0

[Event "Irish Women's Championship 2024"]
[Site "Dublin IRL"]
[Date "2024.08.17"]
[Round "2.1"]
[White "Doolin, Nemhain"]
[Black "Mirza, Diana"]
[Result "1-0"]
[BlackTitle "WFM"]
[WhiteElo "1683"]
[BlackElo "1981"]
[WhiteICU "1748"]
[BlackICU "1952"]
[WhiteClub "Moate Juniors"]
[BlackClub "U.C.D."]
[WhiteNationality "IRL"]
[BlackNationality "IRL"]
[WhiteFideId "2517230"]
[BlackFideId "2503999"]
[PlyCount "90"]
[Venue "Talbot Hotel Stillorgan"]
[EventDate "2024.08.16"]
[HashCode "5c078607"]

{ Event information: <a
href="https://www.irlchess.com/irlchw2024_allfiles/pairings_irlchw2024.html">Tournament
report</a>. }

1. e4 c5 2. d4 cxd4 3. c3 Nf6 4. e5 Nd5 5. cxd4 d6 6. Nf3 Nc6 7. Bc4 e6 8.
Bxd5 exd5 9. O-O Be7 10. h3 O-O 11. Nc3 Be6 12. Bf4 dxe5 13. Nxe5 Na5 14.
Re1 Rc8 15. Qd3 Nc4 16. Nxc4 dxc4 17. Qe4 Bf6 18. d5 Bxc3 19. bxc3 Bxd5 20.
Qd4 Bc6 21. Qxa7 Qd5 22. f3 Qf5 23. Bg3 Rcd8 24. Qf2 Rd3 25. Be5 Qg5 26.
Kh1 Qh5 27. Qg3 f6 28. Bd4 Bxf3 29. gxf3 Rxf3 30. Qg2 Rxh3+ 31. Kg1 Rh4 32.
Re3 g5 33. Rg3 g4 34. Qe4 Re8 35. Qxb7 Qg6 36. Rf1 Re6 37. Qc8+ Qe8 38.
Qxe8+ Rxe8 39. Bxf6 Rh5 40. Rxg4+ Kf7 41. Bd4+ Ke7 42. Re4+ Kd8 43. Bb6+
Kd7 44. Rd1+ Kc6 45. Rxe8 Kxb6 1-0

[Event "Irish Women's Championship 2024"]
[Site "Dublin IRL"]
[Date "2024.08.17"]
[Round "2.2"]
[White "Putar, Lorena"]
[Black "Dorman, Orla"]
[Result "0-1"]
[WhiteElo "1444"]
[BlackElo "1721"]
[BlackICU "1765"]
[WhiteNationality "IRL"]
[BlackNationality "IRL"]
[WhiteFideId "2521520"]
[BlackFideId "456039"]
[PlyCount "92"]
[Venue "Talbot Hotel Stillorgan"]
[EventDate "2024.08.16"]
[HashCode "6342f69f"]

{ Event information: <a
href="https://www.irlchess.com/irlchw2024_allfiles/pairings_irlchw2024.html">Tournament
report</a>. }

1. e4 e6 2. d4 d5 3. e5 c5 4. c3 Nc6 5. Nf3 Bd7 6. a3 cxd4 7. cxd4 Qb6 8.
b4 a6 9. Be2 Nge7 10. Be3 Nf5 11. O-O Be7 12. Qd2 O-O 13. Rd1 f6 14. Nc3
fxe5 15. dxe5 Nxe3 16. Qxe3 Qxe3 17. fxe3 Bd8 18. e4 Bb6+ 19. Kh1 d4 20.
Na4 Ba7 21. Nc5 Bxc5 22. bxc5 Rf4 23. Nxd4 Rxe4 24. Nxc6 Bxc6 25. Bf3 Rxe5
26. Bxc6 bxc6 27. Rd6 Rc8 28. Rf1 Rf8 29. Rxf8+ Kxf8 30. h3 Rxc5 31. Rxe6
Kf7 32. Re3 Rb5 33. g4 c5 34. Rc3 Ke6 35. Kg2 Kd5 36. Kf2 Kd4 37. Rc1 Rb3
38. h4 c4 39. Ke2 Rxa3 40. Kd2 Ra2+ 41. Kd1 Rh2 42. h5 Rh1+ 43. Kd2 Rxc1
44. Kxc1 Kc3 45. Kb1 Kd2 46. Kb2 c3+ 0-1

[Event "Irish Women's Championship 2024"]
[Site "Dublin IRL"]
[Date "2024.08.17"]
[Round "2.3"]
[White "Mats, Diana"]
[Black "Doolin, Bedhbh"]
[Result "1-0"]
[WhiteElo "2079"]
[BlackElo "1594"]
[WhiteICU "2119"]
[BlackICU "1677"]
[WhiteClub "Dun Laoghaire"]
[BlackClub "Moate Juniors"]
[WhiteNationality "IRL"]
[BlackNationality "IRL"]
[WhiteFideId "14138611"]
[BlackFideId "2517221"]
[PlyCount "97"]
[Venue "Talbot Hotel Stillorgan"]
[EventDate "2024.08.16"]
[HashCode "637bce51"]

{ Event information: <a
href="https://www.irlchess.com/irlchw2024_allfiles/pairings_irlchw2024.html">Tournament
report</a>. }

1. Nf3 Nf6 2. g3 g6 3. Bg2 Bg7 4. O-O O-O 5. d3 d6 6. e4 c5 7. h3 Nc6 8. c3
Bd7 9. Re1 Qc8 10. Kh2 Rb8 11. d4 cxd4 12. cxd4 d5 13. e5 Ne4 14. Be3 f6
15. exf6 Nxf6 16. Nc3 Qd8 17. Bf4 Rc8 18. Ng5 Nxd4 19. Be5 Nc6 20. Bxf6
Bxf6 21. Qxd5+ Kg7 22. Rad1 Bxg5 23. Qxg5 e5 24. Qe3 Qe7 25. Nd5 Qf7 26.
Rd2 Be6 27. Nb4 Nxb4 28. Qxe5+ Qf6 29. Qxe6 Qxe6 30. Rxe6 b6 31. a3 Nd3 32.
Rxd3 Rxf2 33. g4 Rcc2 34. Rg3 Kf7 35. Ree3 Rxb2 36. Rgf3+ Rxf3 37. Rxf3+
Ke6 38. Re3+ Kf6 39. Kg3 h5 40. gxh5 gxh5 41. Bf3 Rb5 42. Kh4 Kf5 43. Bxh5
a5 44. Be8 Rc5 45. a4 Kf4 46. Re6 Rf5 47. Rxb6 Re5 48. Rf6+ Ke4 49. Bb5 1-0

[Event "Irish Women's Championship 2024"]
[Site "Dublin IRL"]
[Date "2024.08.17"]
[Round "2.6"]
[White "Gora, Antonina"]
[Black "Li, Stella"]
[Result "1-0"]
[WhiteElo "1937"]
[BlackElo "1665"]
[WhiteICU "1947"]
[BlackICU "1576"]
[WhiteClub "Knights of Eanna /  Rathmines"]
[BlackClub "Master"]
[WhiteNationality "IRL"]
[BlackNationality "IRL"]
[WhiteFideId "1148290"]
[BlackFideId "2520222"]
[PlyCount "97"]
[Venue "Talbot Hotel Stillorgan"]
[EventDate "2024.08.16"]
[WhiteFullName "G&oacute;ra, Antonina"]
[HashCode "5c95999d"]

{ Event information: <a
href="https://www.irlchess.com/irlchw2024_allfiles/pairings_irlchw2024.html">Tournament
report</a>. }

1. e4 c5 2. Nf3 d6 3. d4 cxd4 4. Nxd4 Nf6 5. Nc3 g6 6. Be3 Bg7 7. f3 Bd7 8.
Qd2 Nc6 9. O-O-O a6 10. g4 Qc7 11. g5 Nh5 12. Nd5 Qb8 13. Nb6 Ra7 14. Nxd7
Kxd7 15. Nb3 Ra8 16. Nc5+ Ke8 17. Na4 Qd8 18. Nb6 Rb8 19. Qf2 h6 20. h4 Ne5
21. Rg1 Nd7 22. Bh3 Ne5 23. f4 Nc6 24. e5 hxg5 25. hxg5 Nxf4 26. Bd7+ Kf8
27. Bxf4 Bxe5 28. Bxe5 Nxe5 29. Be6 Kg7 30. Nd7 fxe6 31. Nxe5 Rf8 32. Qe2
Qc7 33. Nxg6 Kxg6 34. Qxe6+ Kg7 35. Qh6+ Kf7 36. Rgf1+ Ke8 37. Rxf8+ Kd7
38. Qh3+ Kc6 39. Qc3+ Kd7 40. Qxc7+ Kxc7 41. Rxb8 Kxb8 42. g6 Kc7 43. g7
Kd7 44. g8=Q b5 45. Re1 Kc6 46. Rxe7 Kb6 47. b4 Kc6 48. Qa8+ Kb6 49. Qb7#
1-0

[Event "Irish Women's Championship 2024"]
[Site "Dublin IRL"]
[Date "2024.08.17"]
[Round "3.1"]
[White "Mirza, Diana"]
[Black "Putar, Lorena"]
[Result "1-0"]
[WhiteTitle "WFM"]
[WhiteElo "1981"]
[BlackElo "1444"]
[WhiteICU "1952"]
[WhiteClub "U.C.D."]
[WhiteNationality "IRL"]
[BlackNationality "IRL"]
[WhiteFideId "2503999"]
[BlackFideId "2521520"]
[PlyCount "93"]
[Venue "Talbot Hotel Stillorgan"]
[EventDate "2024.08.16"]
[HashCode "586395d9"]

{ Event information: <a
href="https://www.irlchess.com/irlchw2024_allfiles/pairings_irlchw2024.html">Tournament
report</a>. }

1. e4 e5 2. Nf3 Nc6 3. Nc3 Bc5 4. g3 Nf6 5. Bg2 O-O 6. O-O d6 7. d3 h6 8.
Na4 Bb6 9. Nxb6 axb6 10. Nh4 Ne7 11. f4 exf4 12. gxf4 Bd7 13. f5 Ra5 14.
Bd2 Rb5 15. a4 Rc5 16. b4 Rc6 17. c4 b5 18. axb5 Rb6 19. Be3 Nc8 20. Qe1 c6
21. Bxb6 Qxb6+ 22. Qf2 Qc7 23. bxc6 Bxc6 24. b5 Bd7 25. Nf3 Re8 26. Qg3
Qc5+ 27. Kh1 Qe3 28. Rad1 Ne7 29. Qxd6 Bc8 30. Rde1 Qa7 31. Ra1 Qe3 32. Qd4
Qf4 33. e5 Qxd4 34. Nxd4 Ng4 35. Rae1 h5 36. f6 Ng6 37. fxg7 Kxg7 38. Nf5+
Kg8 39. Nd6 Rf8 40. d4 Be6 41. Bxb7 Rb8 42. d5 Bd7 43. e6 fxe6 44. dxe6 Be8
45. Nxe8 Rxe8 46. h3 Nh6 47. Rg1 1-0

[Event "Irish Women's Championship 2024"]
[Site "Dublin IRL"]
[Date "2024.08.17"]
[Round "3.2"]
[White "Li, Stella"]
[Black "Doolin, Nemhain"]
[Result "1/2-1/2"]
[WhiteElo "1665"]
[BlackElo "1683"]
[WhiteICU "1576"]
[BlackICU "1748"]
[WhiteClub "Master"]
[BlackClub "Moate Juniors"]
[WhiteNationality "IRL"]
[BlackNationality "IRL"]
[WhiteFideId "2520222"]
[BlackFideId "2517230"]
[PlyCount "50"]
[Venue "Talbot Hotel Stillorgan"]
[EventDate "2024.08.16"]
[HashCode "302d2073"]

{ Event information: <a
href="https://www.irlchess.com/irlchw2024_allfiles/pairings_irlchw2024.html">Tournament
report</a>. }

1. e4 e6 2. d4 d5 3. exd5 exd5 4. Bd3 Nf6 5. Ne2 Bd6 6. O-O O-O 7. Bg5 Nbd7
8. h3 h6 9. Bh4 c6 10. c3 Qb6 11. Qc2 Re8 12. Nd2 Nh5 13. Nb3 Nf4 14. Nxf4
Bxf4 15. Rfe1 Rxe1+ 16. Rxe1 g5 17. Bg3 Qc7 18. Bxf4 Qxf4 19. Re8+ Kg7 20.
Bf5 Nb6 21. Bxc8 Rxc8 22. Rxc8 Nxc8 23. Qe2 Nd6 24. Nc5 b6 25. Nd3 Qf5
1/2-1/2

[Event "Irish Women's Championship 2024"]
[Site "Dublin IRL"]
[Date "2024.08.17"]
[Round "3.5"]
[White "Batbaatar, Manduhkai"]
[Black "Yu, Ai Tong"]
[Result "0-1"]
[WhiteElo "1687"]
[BlackElo "1620"]
[WhiteICU "1713"]
[BlackICU "1577"]
[BlackClub "Master"]
[WhiteNationality "IRL"]
[BlackNationality "IRL"]
[WhiteFideId "2523353"]
[BlackFideId "2520230"]
[PlyCount "56"]
[Venue "Talbot Hotel Stillorgan"]
[EventDate "2024.08.16"]
[HashCode "349b4d9d"]

{ Event information: <a
href="https://www.irlchess.com/irlchw2024_allfiles/pairings_irlchw2024.html">Tournament
report</a>. }

1. e4 e5 2. Nf3 Nc6 3. Bc4 Nf6 4. Nc3 Bc5 5. d3 d6 6. h3 h6 7. O-O O-O 8.
Nh2 Re8 9. Kh1 Nd4 10. f4 exf4 11. Bxf4 Be6 12. Bb3 a6 13. Nf3 Nxb3 14.
axb3 Nh5 15. Bh2 Qe7 16. Ne2 Nf6 17. Ng3 Rad8 18. Nf5 Bxf5 19. exf5 Qd7 20.
Nh4 Nd5 21. Re1 Ne3 22. Qd2 Nxf5 23. Nxf5 Qxf5 24. Rf1 Qg6 25. d4 Bb6 26.
c4 Re7 27. Rf3 Rde8 28. Raf1 Re2 0-1

[Event "Irish Women's Championship 2024"]
[Site "Dublin IRL"]
[Date "2024.08.17"]
[Round "3.6"]
[White "Dorman, Orla"]
[Black "Gora, Antonina"]
[Result "0-1"]
[WhiteElo "1721"]
[BlackElo "1937"]
[WhiteICU "1765"]
[BlackICU "1947"]
[BlackClub "Knights of Eanna /  Rathmines"]
[WhiteNationality "IRL"]
[BlackNationality "IRL"]
[WhiteFideId "456039"]
[BlackFideId "1148290"]
[PlyCount "80"]
[Venue "Talbot Hotel Stillorgan"]
[EventDate "2024.08.16"]
[BlackFullName "G&oacute;ra, Antonina"]
[HashCode "544ac817"]

{ Event information: <a
href="https://www.irlchess.com/irlchw2024_allfiles/pairings_irlchw2024.html">Tournament
report</a>. }

1. e4 c5 2. Nf3 d6 3. c3 Nf6 4. Be2 g6 5. O-O Bg7 6. Qc2 Qc7 7. d3 O-O 8.
Bf4 e5 9. Be3 d5 10. Nbd2 b6 11. Rac1 dxe4 12. dxe4 Bb7 13. Ne1 Qe7 14. b3
Nbd7 15. Bg5 h6 16. Bh4 Rfd8 17. Rd1 Nf8 18. Nef3 g5 19. Bg3 Ng6 20. Rfe1
Nh5 21. Bxe5 Nxe5 22. Nxe5 Qxe5 23. Bxh5 Qxc3 24. Qxc3 Bxc3 25. Nf3 Bxe1
26. Rxe1 Re8 27. e5 Bxf3 28. Bxf3 Rad8 29. g3 Rd2 30. Be4 Kg7 31. f4 Red8
32. Bf3 R8d3 33. Bh5 gxf4 34. gxf4 Rh3 35. Bg4 Rhxh2 36. Bf3 Rxa2 37. f5
Rhf2 38. Be4 Rfe2 39. f6+ Kf8 40. Rd1 Rad2 0-1

[Event "Irish Women's Championship 2024"]
[Site "Dublin IRL"]
[Date "2024.08.18"]
[Round "4.1"]
[White "Mats, Diana"]
[Black "Mirza, Diana"]
[Result "1-0"]
[BlackTitle "WFM"]
[WhiteElo "2079"]
[BlackElo "1981"]
[WhiteICU "2119"]
[BlackICU "1952"]
[WhiteClub "Dun Laoghaire"]
[BlackClub "U.C.D."]
[WhiteNationality "IRL"]
[BlackNationality "IRL"]
[WhiteFideId "14138611"]
[BlackFideId "2503999"]
[PlyCount "51"]
[Venue "Talbot Hotel Stillorgan"]
[EventDate "2024.08.16"]
[HashCode "2e285e20"]

{ Event information: <a
href="https://www.irlchess.com/irlchw2024_allfiles/pairings_irlchw2024.html">Tournament
report</a>. }

1. e4 c5 2. Nf3 e6 3. d3 d5 4. Nbd2 Nc6 5. g3 Bd6 6. Bg2 Nge7 7. O-O O-O 8.
Re1 Qc7 9. c3 b5 10. Qe2 f6 11. Nb3 dxe4 12. dxe4 c4 13. Nbd4 Rb8 14. a4 a6
15. axb5 axb5 16. Bh3 Nd8 17. e5 fxe5 18. Nxe5 Nf5 19. Bf4 Nxd4 20. cxd4
Qb6 21. d5 exd5 22. Bxc8 Rxc8 23. Nd7 Qc7 24. Bxd6 Qxd7 25. Bxf8 Kxf8 26.
Ra7 1-0

[Event "Irish Women's Championship 2024"]
[Site "Dublin IRL"]
[Date "2024.08.18"]
[Round "4.2"]
[White "Li, Stella"]
[Black "Dorman, Orla"]
[Result "1/2-1/2"]
[WhiteElo "1665"]
[BlackElo "1721"]
[WhiteICU "1576"]
[BlackICU "1765"]
[WhiteClub "Master"]
[WhiteNationality "IRL"]
[BlackNationality "IRL"]
[WhiteFideId "2520222"]
[BlackFideId "456039"]
[PlyCount "156"]
[Venue "Talbot Hotel Stillorgan"]
[EventDate "2024.08.16"]
[HashCode "99f3a19b"]

{ Event information: <a
href="https://www.irlchess.com/irlchw2024_allfiles/pairings_irlchw2024.html">Tournament
report</a>. }

1. e4 e6 2. d4 d5 3. exd5 exd5 4. Bd3 Nf6 5. Ne2 Bd6 6. O-O O-O 7. c3 Bg4
8. f3 Bh5 9. Qc2 Bg6 10. Bxg6 hxg6 11. Nd2 Qe7 12. Nb3 Re8 13. Re1 Nbd7 14.
Bg5 Qe6 15. Qd2 Qf5 16. Ng3 Bxg3 17. hxg3 Nh7 18. Bf4 c6 19. g4 Qf6 20. Na5
b6 21. Nb7 g5 22. Bg3 Reb8 23. Nd6 Rd8 24. Nf5 Re8 25. Nd6 Red8 26. Re2
Nhf8 27. Rae1 Ne6 28. Nf5 g6 29. Be5 Nxe5 30. dxe5 Qh8 31. Ne7+ Kg7 32.
Nxc6 Rd7 33. Nd4 Qh4 34. Nxe6+ fxe6 35. Rf2 Rh8 36. Kf1 Qg3 37. Ke2 Qxe5+
38. Kd1 Qf6 39. Rfe2 Re8 40. Re5 Qf4 41. Qxf4 gxf4 42. Rxe6 Rxe6 43. Rxe6
Kf7 44. Re2 Kf6 45. Kc2 Kg5 46. Kd3 Kh4 47. Kd4 Kg3 48. b3 g5 49. a4 Rc7
50. c4 dxc4 51. bxc4 Rc5 52. Kc3 Ra5 53. Kb4 Rc5 54. Kc3 Ra5 55. Kb3 Rc5
56. Kb4 Ra5 57. Ka3 Rc5 58. Kb3 Ra5 59. Rc2 Rc5 60. Kb4 Ra5 61. Ra2 Re5 62.
a5 Re1 63. axb6 axb6 64. Kb5 Rb1+ 65. Kc6 Rc1 66. Kd5 Rg1 67. Kc6 Rxg2 68.
Rxg2+ Kxg2 69. Kxb6 Kxf3 70. c5 Kxg4 71. c6 f3 72. c7 f2 73. c8=Q+ Kg3 74.
Qc3+ Kg2 75. Qc6+ Kg1 76. Qc1+ f1=Q 77. Qxg5+ Qg2 78. Qxg2+ Kxg2 1/2-1/2

[Event "Irish Women's Championship 2024"]
[Site "Dublin IRL"]
[Date "2024.08.18"]
[Round "4.3"]
[White "Yu, Ai Tong"]
[Black "Putar, Lorena"]
[Result "1-0"]
[WhiteElo "1620"]
[BlackElo "1444"]
[WhiteICU "1577"]
[WhiteClub "Master"]
[WhiteNationality "IRL"]
[BlackNationality "IRL"]
[WhiteFideId "2520230"]
[BlackFideId "2521520"]
[PlyCount "57"]
[Venue "Talbot Hotel Stillorgan"]
[EventDate "2024.08.16"]
[HashCode "3b0f4a14"]

{ Event information: <a
href="https://www.irlchess.com/irlchw2024_allfiles/pairings_irlchw2024.html">Tournament
report</a>. }

1. d4 d5 2. Bf4 Bf5 3. Nf3 e6 4. e3 Be7 5. Nbd2 h6 6. h4 Nc6 7. c3 Nf6 8.
Ne5 Nxe5 9. Bxe5 O-O 10. Be2 Ne4 11. h5 Nxd2 12. Qxd2 Bd6 13. Bxd6 Qxd6 14.
Rg1 Rae8 15. g4 Be4 16. f4 f6 17. O-O-O a5 18. Bd3 Bxd3 19. Qxd3 Ra8 20.
Rde1 Qb6 21. Rg2 a4 22. Reg1 c5 23. dxc5 Qxc5 24. g5 fxg5 25. fxg5 hxg5 26.
Rxg5 Rf7 27. h6 Raf8 28. Rxg7+ Kh8 29. Qh7# 1-0

[Event "Irish Women's Championship 2024"]
[Site "Dublin IRL"]
[Date "2024.08.18"]
[Round "4.5"]
[White "Doolin, Bedhbh"]
[Black "Batbaatar, Manduhkai"]
[Result "1-0"]
[WhiteElo "1594"]
[BlackElo "1687"]
[WhiteICU "1677"]
[BlackICU "1713"]
[WhiteClub "Moate Juniors"]
[WhiteNationality "IRL"]
[BlackNationality "IRL"]
[WhiteFideId "2517221"]
[BlackFideId "2523353"]
[PlyCount "91"]
[Venue "Talbot Hotel Stillorgan"]
[EventDate "2024.08.16"]
[HashCode "5c7fe25f"]

{ Event information: <a
href="https://www.irlchess.com/irlchw2024_allfiles/pairings_irlchw2024.html">Tournament
report</a>. }

1. e4 e5 2. Nf3 Nc6 3. Bc4 Bc5 4. c3 h6 5. d4 exd4 6. O-O Nf6 7. b4 Bb6 8.
e5 Nh7 9. cxd4 O-O 10. a3 d5 11. Bb5 Ne7 12. Bd3 Bf5 13. Nc3 Qd7 14. Bf4 c6
15. Ne2 Bxd3 16. Qxd3 Qf5 17. Qxf5 Nxf5 18. g4 Ne7 19. h4 f5 20. g5 hxg5
21. Nxg5 Nxg5 22. Bxg5 Ng6 23. h5 Nh8 24. Kh2 Nf7 25. Bf4 Nh6 26. f3 Kf7
27. Rg1 Ng8 28. Rg5 Ne7 29. Rag1 Rg8 30. e6+ Kxe6 31. Rxg7 a5 32. bxa5 Bxa5
33. Be5 Rxg7 34. Rxg7 Bd2 35. f4 Ng8 36. Rxb7 Rxa3 37. Rg7 Ra8 38. Rg6+ Kf7
39. Rxc6 Bb4 40. Ng3 Ra2+ 41. Kh3 Ra3 42. Kg2 Be1 43. Nxf5 Ra2+ 44. Kg1 Bb4
45. Rc7+ Ke8 46. h6 1-0

[Event "Irish Women's Championship 2024"]
[Site "Dublin IRL"]
[Date "2024.08.18"]
[Round "4.6"]
[White "Gora, Antonina"]
[Black "Doolin, Nemhain"]
[Result "1-0"]
[WhiteElo "1937"]
[BlackElo "1683"]
[WhiteICU "1947"]
[BlackICU "1748"]
[WhiteClub "Knights of Eanna /  Rathmines"]
[BlackClub "Moate Juniors"]
[WhiteNationality "IRL"]
[BlackNationality "IRL"]
[WhiteFideId "1148290"]
[BlackFideId "2517230"]
[PlyCount "49"]
[Venue "Talbot Hotel Stillorgan"]
[EventDate "2024.08.16"]
[WhiteFullName "G&oacute;ra, Antonina"]
[HashCode "309777c5"]

{ Event information: <a
href="https://www.irlchess.com/irlchw2024_allfiles/pairings_irlchw2024.html">Tournament
report</a>. }

1. e4 e6 2. d4 d5 3. Nc3 dxe4 4. Nxe4 Nd7 5. Nf3 Ngf6 6. Nxf6+ Nxf6 7. Bd3
Be7 8. Bg5 h6 9. Bh4 O-O 10. Qe2 Nd5 11. Bg3 Bd6 12. O-O-O Nf4 13. Bxf4
Bxf4+ 14. Kb1 Qf6 15. h4 Re8 16. g3 Bd6 17. Ne5 g6 18. h5 g5 19. f4 Kf8 20.
Rdf1 Bxe5 21. dxe5 Qg7 22. fxg5 Qxg5 23. Rh4 Bd7 24. Rg4 Qd8 25. Qe3 1-0